| 000 | 01492nam a22003377i 4500 | ||
|---|---|---|---|
| 999 |
_c23648 _d23648 |
||
| 003 | AR-CdUCM | ||
| 008 | 260428b20132013 pe||||| |||| 00| 0 spa d | ||
| 020 | _a978-9972-51-755-6 | ||
| 040 |
_aMUNICIPALIDAD PROVINCIAL DEL CUSCO _cBIBLIOTECA MUNICIPAL DEL CUSCO |
||
| 041 | _hspa | ||
| 082 |
_2Ed. 2013 - 6°reimpresión 2024 _a364.1323 _bQ73H |
||
| 100 |
_aQuiroz Norris, Alfonso Walter _952745 |
||
| 245 |
_aHistoria de la Corrupcion en el Perú : _bTercera edición con entrevista a Gustavo Gorriti, introducción de Miguel Ángel Centeno y apéndice fotográfico / |
||
| 260 |
_aLima-Perú: _bIEP Instituto de Estudios Peruanos _c2013 |
||
| 300 |
_a544 páginas. : _c20.5x14 cm. |
||
| 500 | _zPáginas: 503-544 | ||
| 505 | _aEl fracaso de las reformas coloniales, 1750-1820 -- Cimientos socavados de la temprana republica 1821-1859 -- La modernización y sus secuaces 1884-1930 -- Dictadores venales y pactos secretos 1931-1962 -- Conspiraciones corruptas, 1990-2000 | ||
| 650 |
_apurgatorio minero _952746 |
||
| 650 |
_aPlata y contrabando _952747 |
||
| 650 |
_aSaqueo patriota _952748 |
||
| 650 |
_aHacia la bancarrota _952749 |
||
| 650 |
_aEl contrato Grace _952750 |
||
| 650 |
_aLeguia y los civilistas _952751 |
||
| 650 |
_aReformas pospuestas _952752 |
||
| 650 |
_aRevolución militar _952753 |
||
| 650 |
_aCorruptelas militares _952754 |
||
| 650 |
_aUna caída cinematográfica _952755 |
||
| 856 | _fwww.iep.org.pe | ||
| 942 |
_2ddc _cLIBROS |
||
| 945 |
_apbjr _d28-04-2026 |
||